[Event "DEM U16 2023"]
[Site "Willingen GER"]
[Date "2023.05.29"]
[Round "3"]
[White "Hecht, Jonas Christian"]
[Black "Möller, Maurin"]
[Result "1-0"]
[Termination "normal"]
[Board "9"]
[WhiteElo "1949"]
[BlackElo "2140"]
[WhiteClock "00:41:14"]
[BlackClock "00:29:35"]
[PlyCount "91"]
[WhiteFideId "16214846"]
[BlackFideId "16265696"]
[EventCountry "GER"]
[EventRounds "9"]
[EventType "swiss"]
[EventDate "2023.05.27"]

1. e4 {[%clk 01:30:58]} {[%emt 00:00:04]} c5 {[%clk 01:30:52]} {[%emt
00:00:12]} 2. Nf3 {[%clk 01:30:30]} {[%emt 00:01:12]} e6 {[%clk 01:31:13]}
{[%emt 00:00:08]} 3. d4 {[%clk 01:30:56]} {[%emt 00:00:03]} cxd4 {[%clk
01:31:38]} {[%emt 00:00:03]} 4. Nxd4 {[%clk 01:31:20]} {[%emt 00:00:03]} Nf6
{[%clk 01:32:04]} {[%emt 00:00:06]} 5. Nc3 {[%clk 01:31:42]} {[%emt 00:00:04]}
Nc6 {[%clk 01:32:27]} {[%emt 00:00:03]} 6. Ndb5 {[%clk 01:31:24]} {[%emt
00:00:43]} Bc5 {[%clk 01:32:34]} {[%emt 00:00:23]} 7. Nd6+ {[%clk 01:30:27]}
{[%emt 00:01:27]} Ke7 {[%clk 01:32:54]} {[%emt 00:00:09]} 8. Bf4 {[%clk
01:30:52]} {[%emt 00:00:05]} e5 {[%clk 01:32:25]} {[%emt 00:00:59]} 9. Nf5+
{[%clk 01:31:18]} {[%emt 00:00:05]} Kf8 {[%clk 01:32:46]} {[%emt 00:00:09]} 10.
Bg5 {[%clk 01:31:17]} {[%emt 00:00:31]} Bb4 {[%clk 01:32:49]} {[%emt 00:00:27]}
11. Qf3 {[%clk 01:26:06]} {[%emt 00:05:40]} h6 {[%clk 01:05:50]} {[%emt
00:27:29]} 12. Bxf6 {[%clk 01:25:04]} {[%emt 00:01:32]} Qxf6 {[%clk 01:05:39]}
{[%emt 00:00:42]} 13. O-O-O {[%clk 01:24:13]} {[%emt 00:01:21]} Bxc3 {[%clk
01:00:42]} {[%emt 00:05:26]} 14. Qxc3 {[%clk 01:23:34]} {[%emt 00:01:10]} d5
{[%clk 01:00:36]} {[%emt 00:00:35]} 15. Rxd5 {[%clk 01:06:25]} {[%emt
00:17:39]} g6 {[%clk 00:51:00]} {[%emt 00:10:07]} 16. Ne3 {[%clk 00:58:13]}
{[%emt 00:08:42]} Be6 {[%clk 00:44:40]} {[%emt 00:06:50]} 17. Rd2 {[%clk
00:53:08]} {[%emt 00:05:33]} Kg7 {[%clk 00:43:40]} {[%emt 00:01:31]} 18. Bc4
{[%clk 00:50:19]} {[%emt 00:03:20]} Rac8 {[%clk 00:37:09]} {[%emt 00:07:00]}
19. Bxe6 {[%clk 00:42:56]} {[%emt 00:07:53]} Qxe6 {[%clk 00:37:20]} {[%emt
00:00:19]} 20. Qb3 {[%clk 00:42:44]} {[%emt 00:00:42]} Qe7 {[%clk 00:37:05]}
{[%emt 00:00:45]} 21. Kb1 {[%clk 00:39:03]} {[%emt 00:04:12]} Nd4 {[%clk
00:36:51]} {[%emt 00:00:43]} 22. Qd3 {[%clk 00:38:40]} {[%emt 00:00:53]} Rhd8
{[%clk 00:36:03]} {[%emt 00:01:19]} 23. Nd5 {[%clk 00:38:54]} {[%emt 00:00:15]}
Qc5 {[%clk 00:34:05]} {[%emt 00:02:28]} 24. c3 {[%clk 00:37:01]} {[%emt
00:02:23]} Nc6 {[%clk 00:22:25]} {[%emt 00:12:11]} 25. Rhd1 {[%clk 00:34:50]}
{[%emt 00:02:41]} a5 {[%clk 00:17:27]} {[%emt 00:05:28]} 26. Qf3 {[%clk
00:33:27]} {[%emt 00:01:53]} Rd6 {[%clk 00:16:40]} {[%emt 00:01:17]} 27. Ne3
{[%clk 00:30:00]} {[%emt 00:03:58]} Rf6 {[%clk 00:15:10]} {[%emt 00:01:59]} 28.
Qh3 {[%clk 00:27:16]} {[%emt 00:03:14]} Rh8 {[%clk 00:11:52]} {[%emt 00:03:49]}
29. Rd5 {[%clk 00:22:40]} {[%emt 00:05:06]} Qb6 {[%clk 00:11:12]} {[%emt
00:01:08]} 30. Qg3 {[%clk 00:21:59]} {[%emt 00:01:10]} Re8 {[%clk 00:07:51]}
{[%emt 00:03:52]} 31. Nf5+ {[%clk 00:18:36]} {[%emt 00:03:55]} Kh7 {[%clk
00:07:57]} {[%emt 00:00:24]} 32. Qh4 {[%clk 00:17:54]} {[%emt 00:01:12]} g5
{[%clk 00:08:18]} {[%emt 00:00:09]} 33. Qg3 {[%clk 00:18:17]} {[%emt 00:00:06]}
a4 {[%clk 00:08:25]} {[%emt 00:00:23]} 34. a3 {[%clk 00:15:28]} {[%emt
00:03:20]} Ree6 {[%clk 00:04:43]} {[%emt 00:04:12]} 35. h4 {[%clk 00:13:13]}
{[%emt 00:02:44]} Rg6 {[%clk 00:05:02]} {[%emt 00:00:11]} 36. Rd7 {[%clk
00:13:33]} {[%emt 00:00:10]} Ref6 {[%clk 00:04:34]} {[%emt 00:00:58]} 37. h5
{[%clk 00:13:53]} {[%emt 00:00:09]} Rg8 {[%clk 00:04:59]} {[%emt 00:00:05]} 38.
R1d6 {[%clk 00:13:34]} {[%emt 00:00:49]} Rxf5 {[%clk 00:05:06]} {[%emt
00:00:24]} 39. exf5 {[%emt 00:00:14]} Rf8 {[%clk 00:03:29]} {[%emt 00:02:06]}
40. Qe3 {[%clk 00:10:27]} {[%emt 00:03:54]} Qb5 {[%clk 00:03:07]} {[%emt
00:00:52]} 41. Qd3 {[%clk 00:10:32]} {[%emt 00:00:24]} Qb6 {[%clk 00:30:10]}
{[%emt 00:03:27]} 42. Qd5 {[%clk 00:40:27]} {[%emt 00:00:35]} Qb3 {[%clk
00:28:28]} {[%emt 00:02:13]} 43. Qxb3 {[%clk 00:40:44]} {[%emt 00:00:13]} axb3
{[%clk 00:28:52]} {[%emt 00:00:05]} 44. Rxb7 {[%clk 00:40:57]} {[%emt
00:00:17]} Na5 {[%clk 00:29:14]} {[%emt 00:00:08]} 45. Rb5 {[%clk 00:40:53]}
{[%emt 00:00:34]} Nc4 {[%clk 00:29:35]} {[%emt 00:00:09]} 46. Rd1 {[%clk
00:41:14]} {[%emt 00:00:08]} 1-0

[Event "DEM U16 2023"]
[Site "Willingen GER"]
[Date "2023.05.29"]
[Round "3"]
[White "Bier, Bela"]
[Black "Guo, Philipp Ziming"]
[Result "1/2-1/2"]
[Termination "normal"]
[Board "10"]
[WhiteElo "1987"]
[BlackElo "1941"]
[WhiteClock "00:13:35"]
[BlackClock "00:03:03"]
[PlyCount "63"]
[WhiteFideId "34610960"]
[BlackFideId "16245199"]
[EventCountry "GER"]
[EventRounds "9"]
[EventType "swiss"]
[EventDate "2023.05.27"]

1. d4 {[%clk 01:30:55]} {[%emt 00:00:07]} Nf6 {[%clk 01:30:39]} {[%emt
00:00:33]} 2. Bg5 {[%clk 01:31:13]} {[%emt 00:00:17]} d5 {[%clk 01:30:11]}
{[%emt 00:00:52]} 3. Bxf6 {[%clk 01:31:30]} {[%emt 00:00:06]} gxf6 {[%clk
01:30:31]} {[%emt 00:00:03]} 4. e3 {[%clk 01:31:16]} {[%emt 00:00:44]} c5
{[%clk 01:29:50]} {[%emt 00:01:11]} 5. dxc5 {[%clk 01:31:29]} {[%emt 00:00:17]}
e6 {[%clk 01:30:04]} {[%emt 00:00:15]} 6. Nf3 {[%clk 01:31:11]} {[%emt
00:00:47]} Bxc5 {[%clk 01:27:10]} {[%emt 00:03:23]} 7. Be2 {[%clk 01:31:01]}
{[%emt 00:00:42]} Nc6 {[%clk 01:23:09]} {[%emt 00:04:31]} 8. O-O {[%clk
01:30:40]} {[%emt 00:00:50]} O-O {[%clk 01:12:43]} {[%emt 00:10:56]} 9. c4
{[%clk 01:29:31]} {[%emt 00:01:39]} dxc4 {[%clk 01:10:23]} {[%emt 00:02:51]}
10. Qc2 {[%clk 01:29:03]} {[%emt 00:00:57]} f5 {[%clk 00:54:47]} {[%emt
00:16:06]} 11. Qxc4 {[%clk 01:26:58]} {[%emt 00:02:36]} b6 {[%clk 00:50:17]}
{[%emt 00:05:00]} 12. Rd1 {[%clk 01:14:52]} {[%emt 00:12:35]} Qf6 {[%clk
00:49:01]} {[%emt 00:01:45]} 13. Nc3 {[%clk 01:12:00]} {[%emt 00:03:23]} Bb7
{[%clk 00:44:51]} {[%emt 00:04:40]} 14. Rd7 {[%clk 01:04:55]} {[%emt 00:07:35]}
Na5 {[%clk 00:38:52]} {[%emt 00:06:27]} 15. Qf4 {[%clk 01:02:50]} {[%emt
00:02:35]} Bc6 {[%clk 00:30:06]} {[%emt 00:09:18]} 16. Rd3 {[%clk 01:00:03]}
{[%emt 00:03:17]} Rad8 {[%clk 00:25:56]} {[%emt 00:04:39]} 17. Rad1 {[%clk
00:58:52]} {[%emt 00:01:41]} Nb7 {[%clk 00:24:42]} {[%emt 00:01:45]} 18. Ne5
{[%clk 00:54:10]} {[%emt 00:05:13]} Rxd3 {[%clk 00:18:31]} {[%emt 00:06:39]}
19. Rxd3 {[%clk 00:53:27]} {[%emt 00:01:14]} Be8 {[%clk 00:15:56]} {[%emt
00:03:06]} 20. Ne4 {[%clk 00:31:15]} {[%emt 00:22:42]} Qe7 {[%clk 00:15:33]}
{[%emt 00:00:53]} 21. Nxc5 {[%clk 00:31:04]} {[%emt 00:00:42]} Nxc5 {[%clk
00:15:53]} {[%emt 00:00:08]} 22. Ra3 {[%clk 00:29:36]} {[%emt 00:02:00]} f6
{[%clk 00:14:40]} {[%emt 00:01:42]} 23. Nd3 {[%clk 00:27:03]} {[%emt 00:03:03]}
Bb5 {[%clk 00:07:33]} {[%emt 00:07:37]} 24. h3 {[%clk 00:20:57]} {[%emt
00:06:37]} Nxd3 {[%clk 00:06:15]} {[%emt 00:01:47]} 25. Bxd3 {[%clk 00:20:39]}
{[%emt 00:00:47]} Bxd3 {[%clk 00:06:34]} {[%emt 00:00:11]} 26. Rxd3 {[%clk
00:21:04]} {[%emt 00:00:06]} Rd8 {[%clk 00:06:27]} {[%emt 00:00:37]} 27. Rc3
{[%clk 00:20:36]} {[%emt 00:00:58]} Rd1+ {[%clk 00:04:10]} {[%emt 00:02:47]}
28. Kh2 {[%clk 00:20:59]} {[%emt 00:00:07]} Qd6 {[%clk 00:02:08]} {[%emt
00:02:32]} 29. Rc8+ {[%clk 00:18:10]} {[%emt 00:03:20]} Kf7 {[%clk 00:02:20]}
{[%emt 00:00:17]} 30. Rc7+ {[%clk 00:16:57]} {[%emt 00:01:44]} Kg6 {[%clk
00:02:35]} {[%emt 00:00:14]} 31. Qxd6 Rxd6 {[%clk 00:03:03]} 32. Rxa7 {[%clk
00:13:35]} {[%emt 00:00:42]} 1/2-1/2

[Event "DEM U16 2023"]
[Site "Willingen GER"]
[Date "2023.05.29"]
[Round "3"]
[White "Heinisch, Niklas"]
[Black "Bock, Marlon"]
[Result "1/2-1/2"]
[Termination "normal"]
[Board "11"]
[WhiteElo "1903"]
[BlackElo "1954"]
[WhiteClock "00:05:53"]
[BlackClock "00:09:49"]
[PlyCount "60"]
[WhiteFideId "16295080"]
[BlackFideId "16244931"]
[EventCountry "GER"]
[EventRounds "9"]
[EventType "swiss"]
[EventDate "2023.05.27"]

1. c4 {[%clk 01:30:57]} {[%emt 00:00:05]} e5 {[%clk 01:30:55]} {[%emt
00:00:09]} 2. Nc3 {[%clk 01:31:20]} {[%emt 00:00:11]} Nf6 {[%clk 01:31:20]}
{[%emt 00:00:07]} 3. g3 {[%clk 01:31:38]} {[%emt 00:00:19]} Bb4 {[%clk
01:31:46]} {[%emt 00:00:04]} 4. e4 {[%clk 01:31:31]} {[%emt 00:00:36]} Bxc3
{[%clk 01:30:36]} {[%emt 00:01:21]} 5. dxc3 {[%clk 01:31:54]} {[%emt 00:00:09]}
O-O {[%clk 01:30:42]} {[%emt 00:00:23]} 6. f3 {[%clk 01:31:50]} {[%emt
00:00:33]} d6 {[%clk 01:29:07]} {[%emt 00:02:05]} 7. Nh3 {[%clk 01:32:12]}
{[%emt 00:00:08]} Re8 {[%clk 01:27:34]} {[%emt 00:02:03]} 8. Nf2 {[%clk
01:32:25]} {[%emt 00:00:18]} Be6 {[%clk 01:26:20]} {[%emt 00:01:44]} 9. Bd3
{[%clk 01:32:30]} {[%emt 00:00:25]} c6 {[%clk 01:21:20]} {[%emt 00:05:29]} 10.
Qe2 {[%clk 01:23:43]} {[%emt 00:09:18]} d5 {[%clk 01:16:59]} {[%emt 00:04:51]}
11. O-O {[%clk 01:21:04]} {[%emt 00:03:08]} Nbd7 {[%clk 01:14:27]} {[%emt
00:03:02]} 12. cxd5 {[%clk 01:19:30]} {[%emt 00:02:04]} cxd5 {[%clk 01:14:44]}
{[%emt 00:00:13]} 13. Be3 {[%clk 01:19:10]} {[%emt 00:00:50]} Qc7 {[%clk
01:12:05]} {[%emt 00:03:09]} 14. Rfd1 {[%clk 01:04:48]} {[%emt 00:14:53]} a6
{[%clk 01:06:11]} {[%emt 00:06:25]} 15. Bc2 {[%clk 00:57:49]} {[%emt 00:07:29]}
Rad8 {[%clk 01:01:07]} {[%emt 00:05:33]} 16. Rd2 {[%clk 00:55:24]} {[%emt
00:02:56]} Nb6 {[%clk 00:56:41]} {[%emt 00:04:55]} 17. Bxb6 {[%clk 00:33:45]}
{[%emt 00:22:11]} Qxb6 {[%clk 00:57:05]} {[%emt 00:00:05]} 18. exd5 {[%clk
00:27:27]} {[%emt 00:06:48]} Rxd5 {[%clk 00:48:56]} {[%emt 00:08:40]} 19. Rxd5
{[%clk 00:20:57]} {[%emt 00:07:01]} Bxd5 {[%clk 00:48:52]} {[%emt 00:00:33]}
20. Ba4 {[%clk 00:18:42]} {[%emt 00:02:45]} Rc8 {[%clk 00:26:46]} {[%emt
00:22:35]} 21. Bc2 {[%clk 00:13:18]} {[%emt 00:05:55]} h6 {[%clk 00:25:24]}
{[%emt 00:01:52]} 22. Kg2 {[%clk 00:10:34]} {[%emt 00:03:14]} Qc6 {[%clk
00:24:24]} {[%emt 00:01:30]} 23. Bb3 {[%clk 00:09:19]} {[%emt 00:01:45]} Bxb3
{[%clk 00:22:43]} {[%emt 00:02:10]} 24. axb3 {[%clk 00:09:48]} {[%emt
00:00:03]} Re8 {[%clk 00:22:19]} {[%emt 00:00:53]} 25. Re1 {[%clk 00:08:45]}
{[%emt 00:01:33]} Kf8 {[%clk 00:14:47]} {[%emt 00:08:03]} 26. Qc4 {[%clk
00:07:53]} {[%emt 00:01:22]} Qxc4 27. bxc4 {[%clk 00:08:21]} Re6 {[%clk
00:11:01]} {[%emt 00:01:16]} 28. Rd1 {[%clk 00:06:54]} {[%emt 00:01:58]} Ke7
{[%clk 00:10:46]} {[%emt 00:00:45]} 29. c5 {[%clk 00:06:24]} {[%emt 00:01:01]}
e4 {[%clk 00:09:45]} {[%emt 00:01:31]} 30. fxe4 {[%clk 00:05:53]} {[%emt
00:01:01]} Nxe4 {[%clk 00:09:49]} {[%emt 00:00:26]} 1/2-1/2

[Event "DEM U16 2023"]
[Site "Willingen GER"]
[Date "2023.05.29"]
[Round "3"]
[White "Pfeffer, Samuel"]
[Black "Peglau, Charis"]
[Result "0-1"]
[Termination "normal"]
[Board "14"]
[BlackTitle "WFM"]
[WhiteElo "1504"]
[BlackElo "2114"]
[WhiteClock "00:04:05"]
[BlackClock "00:04:33"]
[PlyCount "58"]
[WhiteFideId "16249160"]
[BlackFideId "16219996"]
[EventCountry "GER"]
[EventRounds "9"]
[EventType "swiss"]
[EventDate "2023.05.27"]

1. d4 {[%clk 01:30:45]} {[%emt 00:00:21]} d5 {[%clk 01:30:54]} {[%emt
00:00:12]} 2. c4 {[%clk 01:30:53]} {[%emt 00:00:30]} dxc4 {[%clk 01:31:18]}
{[%emt 00:00:09]} 3. e4 {[%clk 01:31:10]} {[%emt 00:00:12]} e5 {[%clk
01:31:32]} {[%emt 00:00:13]} 4. Nf3 {[%clk 01:31:17]} {[%emt 00:00:16]} exd4
{[%clk 01:31:47]} {[%emt 00:00:06]} 5. Nxd4 {[%clk 01:31:19]} {[%emt 00:00:25]}
c5 {[%clk 01:18:10]} {[%emt 00:14:08]} 6. Nb5 {[%clk 01:23:11]} {[%emt
00:08:38]} Qa5+ {[%clk 01:05:23]} {[%emt 00:13:18]} 7. N1c3 {[%clk 01:18:49]}
{[%emt 00:04:51]} Be6 {[%clk 01:04:23]} {[%emt 00:01:30]} 8. Na3 {[%clk
01:08:47]} {[%emt 00:10:32]} Nc6 {[%clk 01:00:03]} {[%emt 00:04:50]} 9. Bd2
{[%clk 00:49:10]} {[%emt 00:20:06]} Qc7 {[%clk 00:53:42]} {[%emt 00:06:50]} 10.
Bxc4 {[%clk 00:46:31]} {[%emt 00:03:09]} O-O-O {[%clk 00:48:17]} {[%emt
00:05:56]} 11. Bxe6+ {[%clk 00:35:12]} {[%emt 00:11:48]} fxe6 {[%clk 00:48:45]}
{[%emt 00:00:04]} 12. Qg4 {[%clk 00:35:30]} {[%emt 00:00:12]} Qf7 {[%clk
00:40:20]} {[%emt 00:08:54]} 13. Nc4 {[%clk 00:23:01]} {[%emt 00:12:59]} Nf6
{[%clk 00:31:19]} {[%emt 00:09:31]} 14. Qh3 {[%clk 00:20:24]} {[%emt 00:03:08]}
Rd4 {[%clk 00:29:36]} {[%emt 00:02:13]} 15. Ne3 {[%clk 00:10:06]} {[%emt
00:10:48]} Nb4 {[%clk 00:26:41]} {[%emt 00:03:25]} 16. Qf3 {[%clk 00:05:41]}
{[%emt 00:04:54]} Nd3+ {[%clk 00:25:10]} {[%emt 00:02:01]} 17. Ke2 {[%clk
00:06:00]} {[%emt 00:00:11]} Qd7 {[%clk 00:15:11]} {[%emt 00:10:29]} 18. Nc2
{[%clk 00:03:36]} {[%emt 00:02:53]} Ne5 {[%clk 00:13:18]} {[%emt 00:02:23]} 19.
Nxd4 {[%clk 00:02:25]} {[%emt 00:01:43]} Nxf3 {[%clk 00:08:30]} {[%emt
00:05:17]} 20. Nxf3 {[%clk 00:02:52]} {[%emt 00:00:02]} Qc6 {[%clk 00:08:34]}
{[%emt 00:00:26]} 21. Ne5 {[%clk 00:02:40]} {[%emt 00:00:43]} Qa6+ {[%clk
00:08:24]} {[%emt 00:00:40]} 22. Nd3 {[%clk 00:01:55]} {[%emt 00:01:15]} Be7
{[%clk 00:08:02]} {[%emt 00:00:52]} 23. Bg5 {[%clk 00:02:09]} {[%emt 00:00:16]}
Rd8 {[%clk 00:07:42]} {[%emt 00:00:50]} 24. Rhd1 {[%clk 00:02:30]} {[%emt
00:00:09]} h6 {[%clk 00:07:32]} {[%emt 00:00:40]} 25. Bf4 {[%clk 00:02:51]}
{[%emt 00:00:09]} Nh5 {[%clk 00:05:29]} {[%emt 00:02:34]} 26. Be3 {[%clk
00:03:11]} {[%emt 00:00:10]} g5 {[%clk 00:05:27]} {[%emt 00:00:31]} 27. g3
{[%clk 00:03:30]} {[%emt 00:00:11]} Nf6 {[%clk 00:05:38]} {[%emt 00:00:19]} 28.
h3 {[%clk 00:03:47]} {[%emt 00:00:13]} Qc4 {[%clk 00:04:50]} {[%emt 00:01:19]}
29. Kf3 {[%clk 00:04:05]} {[%emt 00:00:12]} Rxd3 {[%clk 00:04:33]} {[%emt
00:00:47]} 0-1

[Event "DEM U16 2023"]
[Site "Willingen GER"]
[Date "2023.05.29"]
[Round "3"]
[White "Schulz, Bruno Andreas"]
[Black "Maul, Maik"]
[Result "0-1"]
[Termination "normal"]
[Board "15"]
[WhiteElo "1796"]
[BlackElo "1803"]
[WhiteClock "01:06:22"]
[BlackClock "00:29:13"]
[PlyCount "90"]
[WhiteFideId "34618473"]
[BlackFideId "16204816"]
[EventCountry "GER"]
[EventRounds "9"]
[EventType "swiss"]
[EventDate "2023.05.27"]

1. d4 {[%clk 01:30:56]} {[%emt 00:00:04]} d5 {[%clk 01:30:56]} {[%emt
00:00:07]} 2. c4 {[%clk 01:31:23]} {[%emt 00:00:03]} e6 {[%clk 01:30:54]}
{[%emt 00:00:49]} 3. Nf3 {[%clk 01:31:48]} {[%emt 00:00:06]} c6 {[%clk
01:31:12]} {[%emt 00:00:12]} 4. Bf4 {[%clk 01:31:28]} {[%emt 00:00:33]} dxc4
{[%clk 01:31:05]} {[%emt 00:00:31]} 5. e3 {[%clk 01:31:04]} {[%emt 00:00:54]}
b5 {[%clk 01:30:48]} {[%emt 00:00:47]} 6. a4 {[%clk 01:30:21]} {[%emt
00:01:13]} a6 {[%clk 01:30:22]} {[%emt 00:00:57]} 7. Be2 {[%clk 01:29:51]}
{[%emt 00:00:59]} Bb4+ {[%clk 01:28:24]} {[%emt 00:02:28]} 8. Nfd2 {[%clk
01:30:09]} {[%emt 00:00:12]} Nf6 {[%clk 01:27:53]} {[%emt 00:01:01]} 9. O-O
{[%clk 01:30:24]} {[%emt 00:00:15]} O-O {[%clk 01:27:29]} {[%emt 00:00:54]} 10.
axb5 {[%clk 01:30:28]} {[%emt 00:00:26]} cxb5 {[%clk 01:27:39]} {[%emt
00:00:21]} 11. Be5 {[%clk 01:30:22]} {[%emt 00:00:36]} Bb7 {[%clk 01:26:45]}
{[%emt 00:01:23]} 12. Bf3 {[%clk 01:30:30]} {[%emt 00:00:22]} Bxf3 {[%clk
01:26:25]} {[%emt 00:00:50]} 13. Qxf3 {[%clk 01:30:51]} {[%emt 00:00:08]} Nbd7
{[%clk 01:26:42]} {[%emt 00:00:14]} 14. Bxf6 {[%clk 01:30:23]} {[%emt
00:00:58]} Nxf6 {[%clk 01:26:49]} {[%emt 00:00:22]} 15. Nc3 {[%clk 01:28:36]}
{[%emt 00:02:17]} Nd5 {[%clk 01:19:58]} {[%emt 00:07:22]} 16. Nde4 {[%clk
01:25:23]} {[%emt 00:03:42]} f5 {[%clk 01:04:33]} {[%emt 00:15:56]} 17. Nc5
{[%clk 01:22:36]} {[%emt 00:03:17]} Bxc5 {[%clk 01:03:43]} {[%emt 00:01:22]}
18. dxc5 {[%clk 01:22:24]} {[%emt 00:00:41]} Nxc3 {[%clk 01:04:02]} {[%emt
00:00:11]} 19. bxc3 {[%clk 01:22:48]} {[%emt 00:00:05]} Qd5 {[%clk 01:04:27]}
{[%emt 00:00:06]} 20. Qf4 {[%clk 01:22:12]} {[%emt 00:01:06]} Qxc5 {[%emt
00:01:46]} 21. h3 {[%clk 01:21:46]} {[%emt 00:00:16]} e5 {[%clk 00:56:41]}
{[%emt 00:07:41]} 22. Qg5 {[%clk 01:21:43]} {[%emt 00:00:32]} Rf6 {[%clk
00:56:29]} {[%emt 00:00:43]} 23. Rfd1 {[%clk 01:21:35]} {[%emt 00:00:38]} Qc7
{[%clk 00:55:49]} {[%emt 00:01:10]} 24. Rd2 {[%clk 01:15:55]} {[%emt 00:06:08]}
Rd8 {[%clk 00:55:58]} {[%emt 00:00:21]} 25. Rda2 {[%clk 01:14:59]} {[%emt
00:01:26]} Qc8 {[%clk 00:47:47]} {[%emt 00:08:42]} 26. Qg3 {[%clk 01:12:33]}
{[%emt 00:02:55]} f4 {[%clk 00:45:37]} {[%emt 00:02:40]} 27. exf4 {[%clk
01:12:24]} {[%emt 00:00:39]} exf4 {[%clk 00:46:03]} {[%emt 00:00:05]} 28. Qh4
{[%clk 01:11:46]} {[%emt 00:01:07]} f3 {[%clk 00:44:33]} {[%emt 00:02:00]} 29.
Kh2 {[%clk 01:09:40]} {[%emt 00:02:36]} fxg2 {[%clk 00:43:52]} {[%emt
00:01:10]} 30. Rg1 {[%clk 01:09:21]} {[%emt 00:00:50]} Rh6 {[%clk 00:31:45]}
{[%emt 00:12:38]} 31. Qg3 {[%clk 01:08:27]} {[%emt 00:01:23]} Rd3 {[%clk
00:31:22]} {[%emt 00:00:53]} 32. f3 {[%clk 01:08:51]} {[%emt 00:00:06]} Rg6
{[%clk 00:31:32]} {[%emt 00:00:20]} 33. Qe5 {[%clk 01:07:52]} {[%emt 00:01:28]}
Rxf3 {[%clk 00:31:48]} {[%emt 00:00:14]} 34. Qd5+ {[%clk 01:08:16]} {[%emt
00:00:07]} Kh8 {[%clk 00:32:13]} {[%emt 00:00:06]} 35. Rgxg2 {[%clk 01:07:21]}
{[%emt 00:01:24]} Rxh3+ {[%clk 00:31:36]} {[%emt 00:01:06]} 36. Kg1 {[%clk
01:07:43]} {[%emt 00:00:08]} Rxg2+ {[%clk 00:31:28]} {[%emt 00:00:38]} 37. Rxg2
{[%clk 01:08:05]} {[%emt 00:00:08]} Rd3 {[%clk 00:31:12]} {[%emt 00:00:46]} 38.
Qh5 {[%clk 01:07:53]} {[%emt 00:00:41]} Qd8 {[%clk 00:29:08]} {[%emt 00:02:35]}
39. Qg4 {[%clk 01:06:11]} {[%emt 00:02:11]} Rd1+ {[%clk 00:28:35]} {[%emt
00:01:03]} 40. Kh2 {[%clk 01:06:29]} {[%emt 00:00:11]} Qd6+ {[%clk 00:28:29]}
{[%emt 00:00:38]} 41. Rg3 {[%clk 01:06:23]} {[%emt 00:00:34]} Qh6+ {[%clk
00:28:27]} {[%emt 00:00:34]} 42. Rh3 {[%clk 01:05:28]} {[%emt 00:01:24]} Qd2+
{[%clk 00:28:49]} {[%emt 00:00:08]} 43. Kg3 {[%clk 01:05:44]} {[%emt 00:00:14]}
Rg1+ {[%clk 00:29:08]} {[%emt 00:00:11]} 44. Kh4 {[%clk 01:06:03]} {[%emt
00:00:12]} Qh6+ {[%clk 00:29:13]} {[%emt 00:00:25]} 45. Qh5 {[%clk 01:06:22]}
{[%emt 00:00:09]} g5# {[%emt 00:00:05]} 0-1